[Event "Stein am Rhein op"]
[Site "Stein am Rhein"]
[Date "2024.11.15"]
[Round "1"]
[White "Sigg, David"]
[Black "Cavegn, Riccardo"]
[Result "1-0"]
[WhiteElo "1595"]
[BlackElo "2046"]
[PlyCount "97"]
[EventDate "2024.11.15"]
[EventType "swiss"]
[EventRounds "5"]
[EventCountry "SUI"]
[SourceTitle "CB49_2024"]
[SourceDate "2024.12.04"]
[SourceVersion "1"]
[SourceVersionDate "2024.12.04"]
[SourceQuality "1"]

1. e4 d6 2. d4 Nf6 3. Nc3 g6 4. Nf3 Bg7 5. Be3 0-0 6. Bc4 a6 7. a4 b6 8. 0-0 Bb7 9. Nd2 Nbd7 10. f3 c5 11. Nb3 Rc8 12. Qe2 a5 13. Rfd1 Ne8 14. Nb5 Nc7 15. c3 Nxb5 16. Bxb5 Nb8 17. dxc5 bxc5 18. Nxc5 Bc6 19. Nb3 Qc7 20. Nd4 Bd7 21. Bxd7 Nxd7 22. Nb5 Qc4 23. Qxc4 Rxc4 24. b3 Rc6 25. Bd4 Rb8 26. Bxg7 Kxg7 27. Rab1 Nc5 28. Rd5 Na6 29. Nd4 Rxc3 30. Rxa5 Nb4 31. Rb5 Rbc8 32. a5 Nd3 33. h3 Rc1+ 34. Rxc1 Rxc1+ 35. Kh2 e5 36. Ne2 Rc2 37. Rd5 Nc1 38. Ng3 Nxb3 39. a6 Rc6 40. a7 Ra6 41. Rxd6 Rxa7 42. Rd5 f6 43. Ne2 Ra2 44. Nc3 Rc2 45. Rd7+ Kh6 46. Nd5 Rc6 47. Rf7 Kg5 48. Rxh7 Nd4 49. h4# 1-0